Estatísticas para Elite

Clique aqui para jogar o quiz

Estatísticas Gerais

  • Esse quiz foi jogado 48 vezes
  • A pontuação média é 9 de 15

Estatísticas das Respostas

HintResposta% Correto
Por quem Guzman se apaixona?Nádia
96%
Qual é o nome dos três novos alunos da escola?Samuel, Christian e Nádia
96%
Quem revelou toda a verdade da vida da Caetana?Lucrécia
89%
Por quem Rebeka é apaixonada?Samuel
89%
Com quem foi a primeira vez da Nádia?Guzman
87%
Quem matou a Marina?Polo
87%
Na primeira temporada da série, um personagem morre. Que personagem é esse?Marina
85%
Quem é filho da diretora do colégio?Ander
78%
O que Valério é para Lucrécia?Meio-irmão
78%
Como Rebeca e sua mãe ficaram ricas?Tráfico de drogas
57%
O que ganharam Nádia, Samuel e Christian para entrar na escola?Bolsa de estudo
50%
Por causa de quê Guzman se apaixona por Nádia?Aposta
24%
A Caetana era filha de quem?Empregada de limpeza
20%
Samuel se aproximou de Marina porque...?Amava
4%
Qual é o nome da namorada de Guzman?Sula
2%

Distribuição das Pontuações

Percentil de Números Respondidos

Porcentagem de Pessoas com Cada Pontuação

Sua Pontuação Histórica

Você não jogou esse quiz